Music Quiz

Random Music or Bands Quiz

10 to 1: Classic Rock Songs XI Quiz Stats

 Plays Quiz Updated Aug 6, 2018

Challenge
Share
Tweet
Embed
Score 0/55 Timer 06:00
3 Plays Today
% Correct
Bad Company
91.8%
Blitzkrieg Bop
80.2%
Centerfold
78.1%
I Wanna Be Sedated
75.3%
Girls, Girls, Girls
74.2%
Can't Fight This Feeling
73.3%
Feel Like Makin' Love
72.8%
Dr. Feelgood
70.4%
Bang a Gong (Get It On)
70%
Sheena Is a Punk Rocker
69.3%
Need You Tonight
68%
Freeze Frame
66.8%
Turn! Turn! Turn!
66.1%
Keep on Loving You
65.9%
Mr. Tambourine Man
63.5%
New Sensation
63%
Teenage Lobotomy
61.8%
Devil Inside
60.9%
Rock 'n' Roll Fantasy
58.7%
Take It on the Run
58.1%
Shout at the Devil
57.6%
Kickstart My Heart
56.3%
Never Tear Us Apart
55%
Love Stinks
53.7%
Shooting Star
52.5%
Good Lovin' Gone Bad
52.5%
Suicide Blonde
52.4%
Rockaway Beach
52.2%
% Correct
Can't Get Enough
51.7%
Do You Remember Rock 'n' Roll Radio?
51.5%
Home Sweet Home
48.9%
Ready for Love
48.9%
Looks That Kill
45.2%
What You Need
44.9%
Time for Me to Fly
44.5%
The Pretender
43.4%
Pet Sematary
43.3%
Eight Miles High
42.9%
Learn to Fly
42%
Beat on the Brat
41.2%
All My Life
41%
Wild Side
40.7%
Roll with the Changes
40.2%
Rock Steady
39.9%
20th Century Boy
39.1%
Everlong
38.9%
Burnin' Sky
35.3%
Musta Got Lost
35%
Live Wire
34.7%
Pinhead
34.2%
Run With The Pack
29.2%
Give It to Me
26.6%
Whammer Jammer
25.5%
For Your Love
23.3%
One Last Kiss
18.2%

You're not logged in!

Compare scores with friends on all Sporcle quizzes.
OR
Log In

You Might Also Like...

Show Comments

Extras

Top Quizzes Today


Score Distribution

Your Account Isn't Verified!

In order to create a playlist on Sporcle, you need to verify the email address you used during registration. Go to your Sporcle Settings to finish the process.

Report this User

Report this user for behavior that violates our Community Guidelines.

Details: